| 000 | 00680nam a2200205 a 4500 | ||
|---|---|---|---|
| 005 | 20240823063715.0 | ||
| 008 | 991125s1991 bar 000 0 spa u | ||
| 020 | _a8425417414 | ||
| 035 | _aUPN01000057302 | ||
| 049 | _aCG | ||
| 050 | 4 | _aRJ502.5 N5.78 | |
| 100 | 1 | _aNissen, Gerhardt | |
| 245 | 1 | 0 |
_aTrastornos psíquicos en la infancia y juventud : _bcompendio de psiquiatría infantil y juvenil / _cGerhardt Nissen ; pról. Francisco Alonso-Fernández; tr. Claudio Gancho |
| 260 |
_aBarcelona, Esp. : _bHerder, _c1991 |
||
| 300 | _a368 p. | ||
| 650 | 4 |
_aPsiquiatría infantil _99358 |
|
| 650 | 4 |
_aPSIQUIATRIA DEL ADOLESCENTE _91095 |
|
| 904 |
_aAC _b057305 |
||
| 905 | _aLibro | ||
| 999 |
_c57302 _d57302 |
||